<?xml version="1.0" encoding="UTF-8"?>
<collection xmlns="http://www.loc.gov/MARC21/slim">
 <record>
  <leader>00958nam a2200217 a 4500</leader>
  <controlfield tag="001">1/51738</controlfield>
  <controlfield tag="008">210314s1974    gr            00011 gre d</controlfield>
  <datafield tag="040" ind1=" " ind2=" ">
   <subfield code="a">GR-PeUP</subfield>
  </datafield>
  <datafield tag="082" ind1="0" ind2="0">
   <subfield code="a">843 CAM ΜΤΦ</subfield>
  </datafield>
  <datafield tag="100" ind1="1" ind2=" ">
   <subfield code="a">Camus, Albert,</subfield>
   <subfield code="d">1913-1960.</subfield>
  </datafield>
  <datafield tag="245" ind1="1" ind2="2">
   <subfield code="a">Η πτώση /</subfield>
   <subfield code="c">Άλμπερτ Κάμυ ; μετάφραση Λεάνδρου Πολενάκη.</subfield>
  </datafield>
  <datafield tag="260" ind1="0" ind2=" ">
   <subfield code="a">Αθήνα :</subfield>
   <subfield code="b">Άγκυρα,</subfield>
   <subfield code="c">1974.</subfield>
  </datafield>
  <datafield tag="300" ind1=" " ind2=" ">
   <subfield code="a">114 σ. ;</subfield>
   <subfield code="c">21 εκ.</subfield>
  </datafield>
  <datafield tag="490" ind1="1" ind2=" ">
   <subfield code="a">Σύγχρονη Λογοτεχνία. Τσέπης Άγκυρας ;</subfield>
  </datafield>
  <datafield tag="500" ind1=" " ind2=" ">
   <subfield code="a">Τίτλος πρωτοτύπου: La chute. </subfield>
  </datafield>
  <datafield tag="650" ind1=" " ind2="4">
   <subfield code="a">Γαλλική λογοτεχνία.</subfield>
  </datafield>
  <datafield tag="650" ind1=" " ind2="0">
   <subfield code="a">French Literature</subfield>
   <subfield code="x">Translations in Greek.</subfield>
  </datafield>
  <datafield tag="700" ind1="1" ind2=" ">
   <subfield code="a">Πολενάκης, Λέανδρος,</subfield>
   <subfield code="d">1945-</subfield>
  </datafield>
  <datafield tag="830" ind1="0" ind2="0">
   <subfield code="a">Σύγχρονη Λογοτεχνία. Τσέπης Άγκυρας ;</subfield>
   <subfield code="v">187</subfield>
  </datafield>
  <datafield tag="852" ind1=" " ind2=" ">
   <subfield code="a">INST</subfield>
   <subfield code="b">UNIPILB</subfield>
   <subfield code="c">MAIN</subfield>
   <subfield code="e">20210314</subfield>
   <subfield code="h">843 CAM ΜΤΦ</subfield>
   <subfield code="p">00184929</subfield>
   <subfield code="q">00184929</subfield>
   <subfield code="t">LOAN</subfield>
   <subfield code="y">0</subfield>
   <subfield code="4">1</subfield>
  </datafield>
  <datafield tag="960" ind1=" " ind2=" ">
   <subfield code="a">ΑΛΜΠΑΝΗ ΤΑΝΙΑ</subfield>
  </datafield>
 </record>
</collection>
